000 00494nam a2200181Ia 4500
001 2412
005 20260306144805.0
008 260306t2009||||xx |||||||||||||| ||spa||
041 _aESP
082 _a616.89
_bM42
100 _aMéndez Carrillo, Francisco Xavier [coord.]
_eAUT
245 0 _aTerapia psicológica con niños y adolescentes:
_bestudio de casos clínicos
260 _c2009
300 _a502 páginas :
_c24 cm.
650 _aGEN
654 _aCPS
942 _cLIB
_dJUS
_fJUS
_2ddc
_n
999 _c2412
_d2412